| 000 | 00645nam a2200205 a 4500 | ||
|---|---|---|---|
| 005 | 20230921063614.0 | ||
| 008 | 081108s2000 mx r 000 0 spa d | ||
| 020 | _a9264475400 | ||
| 035 | _aUPN01000165610 | ||
| 049 | _aCG | ||
| 050 | 4 |
_aHC135 _bE8.6 |
|
| 245 | 0 | 0 |
_aEstudios económicos de la OCDE : _b1999-2000 : México. |
| 260 |
_aParís : _bOCDE, _c2000. |
||
| 300 |
_a194 p. : _bgráfs., cuadros |
||
| 440 | 0 | _aEconomía | |
| 534 |
_pTítulo original: _tOECD economic surveys, México, 1999-2000 |
||
| 651 | 4 |
_aMéxico _xCondiciones económicas _y1994- _97891 |
|
| 651 | 4 |
_aMEXICO - _xPOLITICA ECONOMICA - _y1994- _97918 |
|
| 905 | _aLibro | ||
| 999 |
_c137722 _d137722 |
||